| 000 | 00471nam a2200181Ia 4500 | ||
|---|---|---|---|
| 008 | 240925s9999 xx 000 0 und d | ||
| 020 | _a8126124253 | ||
| 082 | _a808.0666 SYE | ||
| 100 | _aSyed, M. K. | ||
| 245 | 0 | _aCreative Writing for Mass Media | |
| 250 | _aNA | ||
| 260 |
_aNew Delhi: _bAnmol Publications _c,2006. |
||
| 300 |
_a621p. _b0 _fOriginal |
||
| 500 | _aIncludes Index | ||
| 600 | _aHumanities & Natural Science | ||
| 650 | _aLiterature | ||
| 942 | _cBK | ||
| 999 |
_c12537 _d12537 |
||